书目信息 |
| 题名: |
物业管理企业建立和实施
|
|
| 作者: | 苏宝炜 , 李薇薇 编著 | |
| 分册: | ||
| 出版信息: | 北京 机械工业出版社 2006.09 |
|
| 页数: | 391页 | |
| 开本: | 24cm | |
| 丛书名: | ||
| 单 册: | ||
| 中图分类: | F293.33-65 | |
| 科图分类: | ||
| 主题词: | 物业管理--wu ye guan li--企业管理--环境管理--国际标准 | |
| 电子资源: | ||
| ISBN: | 7-111-19936-7 | |
| 000 | 01103nam0 2200253 450 | |
| 001 | 012007374093 | |
| 005 | 20070625155542.17 | |
| 010 | @a7-111-19936-7@dCNY38.00 | |
| 100 | @a20070411d2006 km y0chiy0120 ea | |
| 101 | 0 | @achi |
| 102 | @aCN@b110000 | |
| 105 | @ay a 000yy | |
| 200 | 1 | @a物业管理企业建立和实施@Awu ye guan li qi ye jian li he shi shi@eISO 14001: 2004环境管理体系应用实例@f苏宝炜, 李薇薇编著@Fsu bao wei,li wei wei bian zhu |
| 210 | @a北京@c机械工业出版社@d2006.09 | |
| 215 | @a391页@d24cm | |
| 320 | @a有书目。 | |
| 330 | @a本书从住宅发展、物业管理与环境保护的相互关系出发,重点讲述环境管理体系ISO14001: 2004的建立实施、环境管理文件的编制、环境因素的识别与评价、环境管理体系的内部审核等内容,并列举了大量2004版标准中实用的文件和作业表单。 | |
| 517 | 1 | @aISO 14001: 2004环境管理体系应用实例@AISO 14001:2004 huan jing guan li ti xi ying yong shi li |
| 606 | 0 | @a物业管理@Awu ye guan li@x企业管理@x环境管理@x国际标准 |
| 690 | @aF293.33-65@v4 | |
| 701 | 0 | @a苏宝炜@Asu bao wei@4编著 |
| 701 | 0 | @a李薇薇@Ali wei wei@4编著 |
| 801 | 0 | @aCN@c20070625 |
| 905 | @dF293.33-65@eS803 | |
| 物业管理企业建立和实施:ISO 14001: 2004环境管理体系应用实例/苏宝炜, 李薇薇编著.-北京:机械工业出版社,2006.09 |
| 391页;24cm |
| ISBN 7-111-19936-7:CNY38.00 |
| 本书从住宅发展、物业管理与环境保护的相互关系出发,重点讲述环境管理体系ISO14001: 2004的建立实施、环境管理文件的编制、环境因素的识别与评价、环境管理体系的内部审核等内容,并列举了大量2004版标准中实用的文件和作业表单。 |
| ● |
| 相关链接 |
|
|
|
正题名:物业管理企业建立和实施
索取号:F293.33-65/S803
 
预约/预借
| 序号 | 登录号 | 条形码 | 馆藏地/架位号 | 状态 | 备注 |
| 1 | 240688 | 202406887 | 社科库409/409社科库 111排1列2层/ [索取号:F293.33-65/S803] | 在馆 | |
| 2 | 240689 | 202406896 | 社科库409/409社科库 111排1列2层/ [索取号:F293.33-65/S803] | 在馆 |